Cantvs Catholici Régi és Uj Deak és Magyar Ajitatos' Egyhazi Enekek, Es Litaniak: Kikkel a' Keresztyének esztendö által való Templomi Solennitásokban, Processiokban, és egyéb ajitatosságokban szoktak élni: Most újonnan egybe szedettek, és a' Keresztyéneknek Lelki epületekre, és vigasztalásokra, ki-botsáttattak. ... A. P. R.

Bibliographic Details
Main Author: [Sőlőši, Benedikt, 1609-1656] (Author)
Other Authors: Brewer, Vavrinec, 1590-1664 (Printer)
Format: Book
Language:Hungarian
Latin
PhysicalDescription:10 nečíslovaných strán, 269 strán, 8 nečíslovaných strán 19,5 cm
Subjects:

MARC

LEADER 00000cam a2200000 4500
001 vtls008870638
003 SK-MaSNL
005 20260301182931.0
008 180810s1651 xo a f 01100 hun
015 |a SNBHF 
035 |a cpl000131422 
040 |a SNK  |b slo  |c SNK  |e rda 
041 0 |a hun  |a lat 
044 |a xo  |c SK 
072 7 |a 2  |x Náboženstvo  |2 konspekt 
080 |a (0:82-192)  |2 2011 
080 |a 21/29-1/-9  |2 2011 
100 1 |a [Sőlőši, Benedikt,  |d 1609-1656]  |4 aut  |9 557505 
245 1 0 |a Cantvs Catholici  |b Régi és Uj Deak és Magyar Ajitatos' Egyhazi Enekek, Es Litaniak: Kikkel a' Keresztyének esztendö által való Templomi Solennitásokban, Processiokban, és egyéb ajitatosságokban szoktak élni: Most újonnan egybe szedettek, és a' Keresztyéneknek Lelki epületekre, és vigasztalásokra, ki-botsáttattak. ... A. P. R. 
264 3 |a [Levoča]  |b [Brewer, Vavrinec]  |c Anno M DC LI (1651) 
300 |a 10 nečíslovaných strán, 269 strán, 8 nečíslovaných strán  |c 19,5 cm 
336 |a text  |b txt  |2 rdacontent 
336 |a notovaná hudba  |b ntm  |2 rdacontent 
337 |a bez média  |b n  |2 rdamedia 
338 |a zväzok  |b nc  |2 rdacarrier 
500 |a Titulný list v ornamentálnyom drevorezovom ráme, vinety, linky, vlys, iniciálka s ornamentálnym pozadím v rámčeku na 6 riadkov, iniciálka s ornamentálnym pozadím vo voľnom priestore na 4 riadky, noty, kustody 
504 |a Register 
508 |a Predslov, dedikácia: Kisdy, Benedikt 
510 4 |a Čaplovič  |c I/987 
546 |a Maďarský text  |b Antikva  |b Kurzíva 
546 |a Latinský text  |b Antikva  |b Kurzíva 
550 |a Ivan Hajnóczy dokazoval už v MKsz 1941, 84, že je to nie trnavská, ale levočská tlač, označujúc za najpravdepodobnejšieho autora B. Szőlősyho. Otázku autora-zostavovateľa a typologickým rozborom i miesta tlače v prospech SzőIősyho a Levoče, definitívne rieši Pap Géza (Szólösy Benedek és énekeskönyveinek nyomdahelye, MKsz 1967, 78-87. Tam na 84. str. aj reprodukcia tit. strany) 
550 |a Údaje do impresa podľa bibliografie 
561 |a Rukopisný provenienčný záznam na titulnom liste: Bibliotheca Collegii [...] 1668 [...].  |5 SNK SD 56535 
563 |a Väzba: previazaná, hnedá hladká koža s linajkovou slepotlačou.  |5 SNK SD 56535 
650 0 7 |a náboženstvo  |2 SNKPH  |9 2023 
655 7 |a spevníky  |2 SNKPH  |9 70506 
700 1 |a Brewer, Vavrinec,  |d 1590-1664  |4 prt  |9 120629 
700 1 |a Kisdy, Benedikt  |4 hnr  |9 557506 
752 |a Slovensko  |d Levoča 
852 |a snk  |p SD 56535 
958 |a ONDV 
958 |a DC 
999 |c 855255  |d 857185 
952 |a SNK  |b SNK  |y PREZ  |7 0  |p 17A0124907  |o snkSD 56535  |i snkF 316/85  |8 5  |0 0  |1 0  |4 0  |d 2009-05-05  |f 1  |l 0  |r 2026-02-24 04:54:32  |w 2026-02-24